000 00995nam0a22002771 4500
001 rc\3241502
005 20250609194743.0
021 _aRU
_b[74-93277]
035 _a(NLR Aleph) 007475849
090 _a7463864
_c7463864
100 _a20130115d1974 |||y0rusy50 ca
101 0 _arus
102 _aRU
105 _ay z |||||
200 1 _aИдеологические мифы антикоммунизма: эволюция и новые тенденции
210 _aМосква
_cЗнание
_d1974
215 _a64 с.
_d19
225 1 _aНовое в жизни, науке, технике
_iСерия "Научный коммунизм"
_v12
300 _aПеред загл. авт.: Г.Н. Хватков, д-р филос. наук
606 _aАнтикоммунизм
_2psbo
700 1 _aХватков
_bГ.Н.
_gГеннадий Николаевич
801 0 _aRU
_bNLR
_gpsbo
801 1 _aRU
_bELAR
_2rusmarc
852 _aNLR
_j74-4/30467
942 _cBOOK
980 _aNB